000 00666nam a22002777a 4500
003 UA-OsUOA
001 26289
007 ta
008 20040525b un ||||| |||| 00| 0 ukr d
100 _aБичко А.К.
700 _aБичко І.В.
700 _aТабачковський В.Г.
090 _a1(091)(075.8)
_bБ67
942 _cBK
040 _aUA-OsUOA
_bukr
_cUA-OsUOA
_dUA-OsUOA
245 _aІсторія філософії
300 _a407 с.
955 _a0
041 _aukr
080 _a1(091)(075.8)
020 _a966-06-0181-6
260 _aКиїв
_bЛибідь
_c2001
044 _aUA
650 7 _2UDC
999 _c312608
_d312608